Find the Mistery Great Buenos Aires County! #QCCSecret - Statistics

General Stats
  • This quiz has been taken 44 times
    35 since last reset
  • The average score is 15 of 35
Answers on the Map
Answers color-coded by a green-red scale on the quiz's map according to % correct below.
 
Answer Stats
County % Correct
La Plata
76%
San Isidro
71%
Tigre
65%
CABA
53%
San Fernando
53%
General San Martín
47%
La Matanza
47%
Lomas de Zamora
47%
Moreno
47%
Quilmes
47%
Tres de Febrero
47%
Vicente Lopez
47%
Avellaneda
41%
Berazategui
41%
Ensenada
41%
Escobar
41%
Florencio Varela
41%
Jose C. Paz
41%
Lanus
41%
Moron
41%
Pilar
41%
Presidente Peron
41%
Almirante Brown
35%
Berisso
35%
Esteban Echeverria
35%
Ezeiza
35%
General Rodríguez
35%
Malvinas Argentinas
35%
Merlo
35%
Cañuelas
29%
Ituzaingó
29%
Marcos Paz
29%
Mystery County
29%
San Miguel
29%
San Vicente
29%
No matching quizzes found
Score Distribution
Percent of People with Each Score
Percentile by Number Answered
Your Score History
You have not taken this quiz since the last reset